| 000 | 00722nam a22002417a 4500 | ||
|---|---|---|---|
| 999 |
_c10203 _d10203 |
||
| 001 | 566596 | ||
| 003 | OSt | ||
| 005 | 20191228134133.0 | ||
| 008 | 900102s1990 nyua 000 0 eng | ||
| 010 | _a 89064488 | ||
| 020 | _a0071009426 | ||
| 020 | _a9780071009423 | ||
| 040 |
_aDLC _cDLC |
||
| 050 | 0 | 0 | _aMLCM 91/04601 (H) |
| 082 |
_a330.1 _bSPE/P |
||
| 100 |
_aSpechler, Martin C _9843 |
||
| 245 | 1 | 0 |
_aPerspectives in economic thought / _cMartin C. Spechler. |
| 260 |
_aNew York : _bMcGraw-Hill, _cc1990. |
||
| 300 |
_axii, 277 p. : _bill. ; _c24 cm. |
||
| 906 |
_a7 _bcbc _corignew _d3 _eopcn _f19 _gy-gencatlg |
||
| 942 |
_2ddc _cBK _h330.1 _iSPE/P _k330.1 _mSPE/P |
||